000 00606nam a2200265Ia 4500
001 Z_2540
003 CHAP
008 220113s1974 xx 000 0 und d
010 _a165599
020 _a0-697-04665-6
040 _cCHAP
082 _a574.5 C69
100 _aCox, George W
_928742
245 _aLaboratory manual of general ecology /
_cGeorge W Cox
250 _a2a ed.
260 _aDubuque, Iowa :
_bBrow,
_c1974
300 _a195 p. :
_bilus.
650 _aEcologĂ­a I. t.
901 _a574.5 C69
902 _aM
910 _a1974
942 _c1
942 _cc1
999 _c165599
_d165599